000 00703nam a22003018a 4500
001 00084999
003 dl
005 20250226174901.0
008 040524s1996 b 000 0 od
020 _c2200d
040 _cdl
041 0 _atruyện ngắn
041 0 _a9603
041 0 _adkt
041 0 _avie
080 _aV23
084 _aV6(1)7-44
_bTR527NG
100 1 _aNguyễn Huy Thiệp
245 1 0 _aTruyện ngắn chọn lọc
_cNguyễn Huy Thiệp
260 _aH.
_bNxb. Hội nhà văn
_c1996
300 _a320tr
_c19cm
653 _aVăn học hiện đại
653 _avịêt nam
930 _a87356
942 _2ddc
_cBK
_n0
999 _c14
_d14